00424cam a22001572 4500001001100000005001700011008004100028020001200069040001500081050001800096100003400114245004000148260003900188300001100227650002800238000000251420151217155203.0070412s xx 000 0 eng d cKES 510 aKABUcKABU 0aHF5635b.K5621 aKimuda, Daniel W.@000015189412aA Textbook of financial accounting. aNairobi :bHeinemann Kenya,c1986. a368 p. 0aAccounting.@0000148321